000 00633nam a2200241Ia 4500
003 OSt
005 20220926024807.0
006 a|||||r|||| 00| 0
007 ta
008 220923b |||||||| |||| 00| 0 eng d
037 _cGeneral Book
040 _aRTL
_cRTL
_beng
041 _2eng
_aeng
082 _aB316, M7
100 _aAnderson Ian
_9310303
245 0 _aCombinatorics of finite sets
260 _aOxford
_bClarendon Press
_c1987
300 _axv,250p
_ccm.
500 _aBibliography:P241-48
650 _aAnalysis
942 _hB316, M7
_cGB
_2CC
999 _c645454
_d645454